<?xml version="1.0" encoding="UTF-8"?>
<record
    xmlns:xsi="http://www.w3.org/2001/XMLSchema-instance"
    xsi:schemaLocation="http://www.loc.gov/MARC21/slim http://www.loc.gov/standards/marcxml/schema/MARC21slim.xsd"
    xmlns="http://www.loc.gov/MARC21/slim">

  <leader>02748nam a2200301   4500</leader>
  <controlfield tag="001">ESSALUD</controlfield>
  <controlfield tag="007">ta</controlfield>
  <controlfield tag="008">      t2026    pe ||||| |||| 00| 0 spa d</controlfield>
  <datafield tag="040" ind1=" " ind2=" ">
    <subfield code="a">BMG</subfield>
  </datafield>
  <datafield tag="041" ind1=" " ind2=" ">
    <subfield code="a">spa</subfield>
  </datafield>
  <datafield tag="100" ind1=" " ind2=" ">
    <subfield code="a">Meza Pinedo, Brik Henrry</subfield>
    <subfield code="e">autor</subfield>
    <subfield code="9">52677</subfield>
  </datafield>
  <datafield tag="245" ind1=" " ind2=" ">
    <subfield code="a">Usabilidad del chatbot para promoci&#xF3;n de la salud en mayores de 40 a&#xF1;os sin diagn&#xF3;stico de enfermedad cr&#xF3;nica</subfield>
  </datafield>
  <datafield tag="300" ind1=" " ind2=" ">
    <subfield code="a">p&#xE1;ginas 5-15</subfield>
  </datafield>
  <datafield tag="520" ind1=" " ind2=" ">
    <subfield code="a">El objetivo de este estudio fue evaluar la aceptabilidad y usabilidad de la herramienta Nutribot en adultos peruanos de 40 a&#xF1;os o m&#xE1;s sin diagn&#xF3;stico de ENT, con miras a validar su pertinencia como recurso educativo preventivo y a sentar bases para su implementaci&#xF3;n a mayor escala en salud p&#xFA;blica. El estudio incluy&#xF3; 50 participantes, quienes interactuaron con el sistema durante 20&#x2013;30 minutos y completaron un cuestionario de usabilidad y una pregunta abierta. M&#xE1;s del 60 % estuvo de acuerdo o totalmente de acuerdo con los &#xED;tems clave (facilidad de uso, claridad, comprensi&#xF3;n y utilidad). La probabilidad de recomendaci&#xF3;n fue alta, con un promedio de 8,92/10 (mediana: 9; rango: 6&#x2013;10), evidenciando elevada satisfacci&#xF3;n global. La edad de los participantes oscil&#xF3; entre 40 y 83 a&#xF1;os, sin diferencias apreciables en la valoraci&#xF3;n seg&#xFA;n el grupo etario. El an&#xE1;lisis cualitativo resalt&#xF3; la rapidez, claridad y amabilidad de las respuestas, as&#xED; como su utilidad pr&#xE1;ctica en consultas cotidianas. Entre las principales sugerencias se destacaron la necesidad de una mayor proactividad del sistema y la optimizaci&#xF3;n en la presentaci&#xF3;n de la informaci&#xF3;n, mediante formatos m&#xE1;s estructurados y funciones adicionales. Los resultados evidencian la factibilidad de implementar un chatbot nutricional basado en LLMs v&#xED;a WhatsApp como herramienta complementaria para promover estilos de vida saludables y la autogesti&#xF3;n del bienestar en adultos. Asimismo, aportan evidencia operativa para optimizar el prototipo antes de su implementaci&#xF3;n a mayor escala en salud p&#xFA;blica.</subfield>
  </datafield>
  <datafield tag="650" ind1=" " ind2=" ">
    <subfield code="a">INTELIGENCIA ARTIFICIAL</subfield>
    <subfield code="9">35380</subfield>
  </datafield>
  <datafield tag="650" ind1=" " ind2=" ">
    <subfield code="a">PROGRAMAS INFORM&#xC1;TICOS</subfield>
    <subfield code="9">873</subfield>
  </datafield>
  <datafield tag="650" ind1=" " ind2=" ">
    <subfield code="a">PROGRAMAS DE NUTRICI&#xD3;N</subfield>
    <subfield code="9">5497</subfield>
  </datafield>
  <datafield tag="650" ind1=" " ind2=" ">
    <subfield code="a">SALUD P&#xDA;BLICA</subfield>
    <subfield code="9">1652</subfield>
  </datafield>
  <datafield tag="650" ind1=" " ind2=" ">
    <subfield code="a">PROMOCI&#xD3;N DE LA SALUD</subfield>
    <subfield code="9">2180</subfield>
  </datafield>
  <datafield tag="650" ind1=" " ind2=" ">
    <subfield code="a">ENFERMEDADES NO TRANSMISIBLES</subfield>
    <subfield code="9">44056</subfield>
  </datafield>
  <datafield tag="700" ind1=" " ind2=" ">
    <subfield code="a">Loayza Arroyo, Luis Randy</subfield>
    <subfield code="e">autor</subfield>
    <subfield code="9">52678</subfield>
  </datafield>
  <datafield tag="700" ind1=" " ind2=" ">
    <subfield code="a">Ramos Quispe, Mitshell Bikrham</subfield>
    <subfield code="e">autor</subfield>
    <subfield code="9">52679</subfield>
  </datafield>
  <datafield tag="700" ind1=" " ind2=" ">
    <subfield code="a">Bastidas, Bryan Christopher</subfield>
    <subfield code="e">autor</subfield>
    <subfield code="9">52680</subfield>
  </datafield>
  <datafield tag="700" ind1=" " ind2=" ">
    <subfield code="a">Sedano Porras, Claudia Aracelli</subfield>
    <subfield code="e">autor</subfield>
    <subfield code="9">52681</subfield>
  </datafield>
  <datafield tag="700" ind1=" " ind2=" ">
    <subfield code="a">Murillo Carrasco, Alexis Germ&#xE1;n</subfield>
    <subfield code="e">autor</subfield>
    <subfield code="9">52682</subfield>
  </datafield>
  <datafield tag="773" ind1="0" ind2=" ">
    <subfield code="0">22497</subfield>
    <subfield code="9">22595</subfield>
    <subfield code="d">Lima :  IETSI</subfield>
    <subfield code="o">CITES01</subfield>
    <subfield code="t">Ciencia y Tecnolog&#xED;a aplicada a la Salud P&#xFA;blica</subfield>
    <subfield code="w">ESSALUD</subfield>
    <subfield code="x">3119-7981</subfield>
  </datafield>
  <datafield tag="942" ind1=" " ind2=" ">
    <subfield code="c">ARTICULOS</subfield>
    <subfield code="e">2026-06-11</subfield>
    <subfield code="z">AFC</subfield>
  </datafield>
  <datafield tag="999" ind1=" " ind2=" ">
    <subfield code="c">22517</subfield>
    <subfield code="d">22517</subfield>
  </datafield>
</record>
